Statistiken für Führende olympische Nationen

Klicken Sie hier um das Quiz zu spielen!

Allgemein

  • Dieses Quiz wurde 10.187 mal gespielt
  • Das Durchschnittsergebnis liegt bei 19 aus 25

Antwortstatistiken

Land% Korrekt
Deutschland / Westdeutschland
99%
Vereinigte Staaten
99%
China
97%
Russland
96%
Frankreich
95%
Norwegen
95%
Japan
94%
Kanada
94%
Schweden
94%
Italien
92%
Finnland
90%
Österreich
90%
Schweiz
88%
Großbritannien
86%
Australien
83%
Polen
82%
Niederlande
74%
Südkorea
73%
Tschechien
64%
Sowjetunion / Vereintes Team
61%
Ostdeutschland
53%
Ungarn
51%
Rumänien
39%
Kuba
24%
Tschechoslowakei
22%

Verteilung der Resultate

Perzentil nach korrekt beantworteten Fragen

Anzahl Personen mit jedem Resultat

Ihre Resultats-Entwicklung

Sie haben dieses Quiz noch nicht gespielt